| 000 | 01130cam a2200241 a 4500 | ||
|---|---|---|---|
| 003 | Co-PeBPM | ||
| 005 | 20240619154410.0 | ||
| 007 | ta | ||
| 008 | 231129s2006||||ck a||||||||||||| ||spa|| | ||
| 040 |
_aCo-PeBPM _bspa _cCo-PeBPM _erda |
||
| 082 | 0 | 4 |
_a025 D542b _222 |
| 100 |
_aDiaz Arias, Jairo Hernán _ecompilador |
||
| 245 | 0 |
_aLa biblioteca pública _b: Marco teórico y conceptual _c/ compilador Jairo Hernán Díaz Arias |
|
| 260 |
_aBogotá, Colombia _b: Seminarios Andinos; Ministerio de Cultura : FONADE, _c2006 |
||
| 300 |
_a104 páginas _bilustraciones, fotografías en blanco y negro _c27 centímetros |
||
| 490 |
_a Leer libera. Plan Nacional de Lectura y Bibliotecas _v1 |
||
| 500 | _aIncluye índice | ||
| 500 | _aMemorias de la Capacitación a los bibliotecarios de las 200 bibliotecas públicas beneficiarias en la III Fase del Plan Nacional de Lectura y Bibliotecas. | ||
| 650 | 1 | 4 |
_a Bibliotecas públicas - Política gubernamental _2Lemb _zColombia |
| 650 | 1 | 4 |
_aCapacitación de bibliotecarios _2Lemb _zColombia |
| 650 | 1 | 4 |
_aPromoción de la lectura - Política gubernamental _2Lemb _zColombia |
| 942 |
_2ddc _cBK |
||
| 999 |
_c16488 _d16488 |
||